000 01114nam a22003490a 4500
001 PT23203
003 AR-LpoUNG
005 20210131233132.0
008 191001s1992||||ag |||||||||||||||||spa d
020 _a9509314617
_c$23,4
040 _aAR-LpoUNG
_bspa
_cAR-LpoUNG
_eaacr
041 _aspa
044 _aag
082 0 _a982.065 678tum
100 1 _aCohen Salama, Mauricio
245 1 0 _aTumbas anónimas :
_binforme sobre la identificación de restos de víctimas de la represión ilegal
250 _a1ª edición
260 _aBuenos Aires :
_bCatálogos,
_c1992.
300 _a290 p. :
_btbls.
520 _aRelato de la conformación del equipo argentino de antropología forense, su metodología y algunas de sus investigaciones sobre los restos de desaparecidos.
650 4 _aANTROPOLOGIA
650 4 _aARGENTINA
650 4 _aCAMPOS DE CONCENTRACION
650 4 _aDERECHOS HUMANOS
650 4 _aDICTADURA
650 4 _aGOBIERNO MILITAR
651 4 _aArgentina
653 _aREPRESION
710 2 _aEquipo Argentino de Antropología Forense
905 _a23203
942 _cLIB
999 _c19367
_d19367